| 000 | 00604nam a22001817a 4500 | ||
|---|---|---|---|
| 005 | 20251108164652.0 | ||
| 008 | 250721s1983 xx 000 0 ara d | ||
| 082 | 1 | 4 | _a811.05/غري |
| 100 | 1 | _aغريب، جورج | |
| 245 | 1 | 0 |
_aشعر اللهو و الخمر : _bتاريخه و أعلامه الأعشى - الأخطل - أبو نواس / |
| 264 | 1 |
_aبيروت : _bدار الثقافة، _c1983. |
|
| 300 | _a239 ص | ||
| 490 | 0 | _aالموسوعة في الأدب العربي ؛5 | |
| 650 | 1 | 7 | _aالشعر العربي |
| 650 | 1 | 7 | _aشعر الخمر |
| 942 |
_2ddc _cBK |
||
| 999 |
_c11406 _d11406 |
||